000 00768nam a2200193 a 4500
001 BRCA_313
005 20190320202945.0
008 260508s1952----mx-a---###---#000-0#spa-#
050 4 _aNA6600
_b.U73 1952
245 1 0 _aCU ab Urbe Condita, 20 noviembre de 1952
_bdedicación de la Ciudad Universitaria por el Lic. Carlos Novoa.
260 _aMéxico
_bCiudad Universitaria de México
_c1952
300 _a1 v. (sin paginación)
_bil.
_c21 cm.
546 _aTexto en español e inglés
610 2 4 _aUniversidad Nacional Autónoma de México
_xConstrucciones
_91039
610 2 4 _aCiudad Universitaria (Ciudad de México)
_xArquitectura
_91040
650 1 4 _aEdificios universitarios
_zMéxico
_91041
651 4 _aCiudad de México
_xArquitectura moderna
_91042
942 _2lcc
_cB
999 _c251
_d251